| 000 | 00441cam a2200169ua 4500 | ||
|---|---|---|---|
| 020 | _c225.00 | ||
| 041 |
_aeng _h |
||
| 082 |
_a660.6 _bNAG/TE |
||
| 100 | _aNag, Ahindra . | ||
| 245 |
_aText book of agricultural biotechnology / _cAhindra Nag. _hTextual Documents |
||
| 260 |
_aNew Delhi : _bPrentice Hall of India Pvt Ltd. , _c2008. |
||
| 300 | _a ; . | ||
| 365 | _a225.00 | ||
| 504 | _a | ||
| 942 | _cBK | ||
| 999 |
_c13485 _d13485 |
||